00723nam a2200193 i 450000100060000000300090000600500170001500700030003200800410003510000340007624500980011026000670020830000210027549000270029683000350032385200320035899900170039095201220040746400ES-MaACL20230906161357.0t|030328s1970 sp ||||1| spa d1 aConcepción, Roberto.94007110aOrganización judicial b: Filipinas : [La judicatura filipina] /cpor Roberto Concepción. a[Madrid] : bComisión General de la Codificación, c[1970] a70 p. ; c24 cm.1 aCuadernos informativos0 aCuadernos informativos9182097 aES-MaACLjC-37975 bR.75465 c46400d46400 00104070aATENEOMbATENEOMcDEPO2d2008-01-17eSCl0oC-37975p1048800r2023-02-23 00:00:00w2023-02-23yMONOGRAFIA